02230cam a22005414i 4500003000900000005001700009008004100026020001800067020001500085035002000100040003300120082001900153100004900172245010000221264003000321300005600351336002100407337002500428338002300453504003500476505022800511526001000739526001000749526000900759526000900768526000900777526000900786526000900795526000900804526000800813526000800821526000800829526000800837526000800845526000800853526000800861526000800869650001800877650001900895700004000914596000600954942001400960999015900974999014401133980005501277952018401332952017201516PE-LiUPU20250731180107.0170609s2015 mx r 000 0 spa d a9786077440956 a6077440957 a(Sirsi) a204333 aPE-LiUPUbspacPE-LiUPUerda04a519.5bS242231 aSánchez Sánchez, Ernesto Alonso,eautor.10aProbabilidad y estadística 2 /cErnesto Alonso Sánchez Sánchez, Santiago Inzunza Cazares. 1aMéxico :bAlafi,c2015. a143 páginas :bilustraciones ;c27 centímetros. atext2rdacontent aunmediated2rdamedia avolume2rdacarrier aBibliografía : página 141.0 aAplica las técnicas de conteo -- Aplicas la probabilidad conjunta -- Analizas las distribuciones de probabilidad de variables aleatorias discretas y continuas -- Comprendes el comportamiento de los datos de dos variables. aSEG44 aSEG26 aP159 aP155 aP154 aP153 aP150 aP100 aP31 aP30 aP26 aP25 aP24 aP22 aP15 aP1004aProbabilidad.04aEstadística.1 aInzunza Cazares, Santiago,e autor. a1 2ddccBOOK a519.5 S24wLCc20700i76136f2021-11-5g4lCCODEBUL1mBULp9.79r0sYtBOOKu2017-6-9xFCEPP040COMPRAo.STAFF. Colección Ciencias Empresarialesd20700 a519.5 S24wLCc2i76137d2019-5-23e2019-5-22f2021-11-5g4lCCODEBUL1mBULn1p9.79r0sYtBOOKu2017-6-9xFCEPP040COMPRAo.STAFF. 76137 81gALBERTO SANCHEZ Responsable de Automatización r2025-12-02 00:00:00i5l1o519.5 S24p76136s2019-05-22te1v14.79w2017-06-09xFACIHEDyBKzinventario-2023-12-13102ddc50708GENfP15aBULbBULcGENd2017-06-09eCOMPRAg9.79 r2025-12-02 00:00:00i5l0o519.5 S24p76137te2v14.79w2017-06-09xFACIHEDyBKzinventario-2023-12-13102ddc50708GENfP15aBULbBULcGENd2017-06-09eCOMPRAg9.79